| 000 | 01094nam0a22002891 4500 | ||
|---|---|---|---|
| 001 | rc\3141612 | ||
| 005 | 20120615101403.6 | ||
| 021 |
_aRU _b[76-6174] |
||
| 035 | _a(NLR Aleph) 007318704 | ||
| 090 |
_a5886672 _c5886672 |
||
| 100 | _a20120615d1975 |||y0rusy50 ca | ||
| 101 | 0 | _arus | |
| 102 | _aRU | ||
| 105 | _aa z ||||| | ||
| 200 | 1 |
_aОктябрята _eКнига для внеклассного чтения в 1-м кл. даг. нерус. школы _fШ. Хасбулатов |
|
| 205 | _a3-е изд. | ||
| 210 |
_aМахачкала _cДагучпедгиз _d1975 |
||
| 215 |
_a96 с. _cил. _d22 |
||
| 300 | _aНа пер. авт. не указан | ||
| 606 |
_aЧтение внеклассное _jХрестоматии для нерусских школ _2psbo |
||
| 606 |
_aРусский язык _jХрестоматии для нерусских школ _2psbo |
||
| 700 | 1 |
_aХасбулатов _bШ. Д. _gШихабудин Джафарович |
|
| 801 | 0 |
_aRU _bNLR _gpsbo |
|
| 801 | 1 |
_aRU _bELAR _2rusmarc |
|
| 852 |
_aNLR _j76-6/3364 |
||
| 942 | _cBOOK | ||
| 980 | _aNB | ||